01727 a2200277 4500003000500000005001700005010001700022020002300039020002600062035002100088035002400109040000900133082001200142100003700154245007800191260004800269300003500317440003200352505077400384650002801158650001601186651004401202700002001246856009101266856009201357Nust20170207154052.0 a 2008014508 a0470371900 (cloth) a9780470371909 (cloth) a(OCoLC)225531874 a(OCoLC)ocn225531874 cNust00a332.6321 aFrank J. Fabozzi, Vinod Kothari.10aIntroduction to securitization (E-Book)cFrank J. Fabozzi, Vinod Kothari. aHoboken, N.J. :bJohn Wiley & Sons,cc2008. axvii, 366 p. :bill. ;c24 cm. 4aThe Frank J. Fabozzi series0 aIntroduction -- Issuer motivation for securitizing assets and the goals of securitizing -- Structuring agency MBS deals -- Structuring nonagency deals -- Credit enhancements -- Use of interest rate derivatives in securitization transactions -- Operational issues in securitization -- Collateral classes in ABS : retail loans -- Asset-backed commercial paper conduits and other structured vehicles -- Securitization of future cash flows : future revenues, operating revenues, and insurance profits -- Introduction to collateralized debt obligations -- Types of collateralized debt obligations -- Structuring and analysis of CDOs -- Benefits of securitization to financial markets and economies -- Concerns with securitization's impact on financial markets and economies. 0aAsset-backed financing. 0aSecurities. aIntroduction to securitization (E-Book)1 aKothari, Vinod.423Publisher descriptionuhttp://www.loc.gov/catdir/enhancements/fy0829/2008014508-d.html423Table of contents onlyuhttp://www.loc.gov/catdir/enhancements/fy0829/2008014508-t.html